000 00905nam a2200229Ii 4500
003 JO-AjNU
008 230605s9999||||xx |||||||||||||| ||und||
017 _a2017/10/5086
020 _a978-9957-593-54-4
040 _aJO-AjNU
_bara
_erda
_cJO-AjNU
041 _aara
050 1 4 _aLB2806 2019
100 3 _aالعريشي، جبريل بن حسنواخرون، م.مشارك عيد عبد الواحد علي، م.مشارك فايزة احمد احمد السيد، م.مشارك احمد حسين احمد السيد,
_eauthor
_959928
245 0 0 _aهندسة القيادة التربوية وثقافة التغيير
250 _aط1
264 3 1 _aعمان: دار المنهجية للنشر، 2019
300 _a224ص
336 _atext
_btxt
_2rdacontent
337 _aunmediated
_bn
_2rdamedia
338 _avolume
_bnc
_2rdacarrier
650 4 _aالادارة التربوية
_959929
999 _aA26993
_c30561
_d30561